000 00732nam a22001817a 4500
005 20100811104948.0
010 _aENG-99522
020 _a819028214X
_c150.00
035 _aEN-83054
037 _bDBAD/PUB
082 _a808.9
245 _aExplorations of excellence :
_barticles on the works of J. Bapu Reddy /
_cedited by I. V. Chalapathi Rao, S. S. Prabhakar Rao [and] I. Satyashree
260 _aHyderabad
_bJubilee Publications
_c2007
270 _aPlot 10, Road 5, Jubilee Hills
_bHyderabad
_e500033
300 _a146p.
_c21cm (pbk)
942 _2ddc
_cEN
_h808.9
_mEXP
999 _c40836
_d40836